Statistieken voor Slowakije Trivia Quiz

Klik hier om de quiz te nemen!

Algemene statistieken

  • Deze quiz is 226 keer genomen
  • De gemiddelde score is 13 van 21

Antwoordstatistieken

HintAntwoord% Correct
HoofdstadBratislava
96%
Aangrenzende landenTsjechië
93%
Aangrenzende landenPolen
90%
Aangrenzende landenHongarije
89%
Aangrenzende landenOekraïne
87%
Aangrenzende landenOostenrijk
87%
Rivier waar de hoofdstad aan ligtDonau
86%
Valuta van SlowakijeEuro
85%
Land waar Slowakije deel van was in de periode 1918–1992Tsjecho-Slowakije
82%
Land dat de invasie van het bovenstaande leidde in 1968Sovjet-Unie
75%
Het Slowaakse dorp Kremnické Bane is een van de velen die beweren het geografische ________ van Europa te zijnMiddelpunt
68%
Etnische groep die Slowaken, Serviërs en Russen omvatSlaven
66%
Bergketen waar Slowakije in ligtKarpaten
57%
Meest populaire sportIJshockey
51%
Op één na meest bevolkte stadKošice
43%
Voormalige valutaKroon
41%
Slowakije is 's werelds grootste ___producent per hoofd, 1.110.000 ervan werden geproduceerd in het land in 2019Auto
34%
Slowakije heeft het hoogste aantal van dit soort gebouwen per hoofd ter wereldKastelen
31%
Naam van de geweldloze revolutie die het communistische regime in 1989 omver wierp{Fluwelen} Revolutie
30%
In Slowakije geboren vrouw die 5 Grand Slam-titels wonMartina Hingis
26%
Ongeveer 8,5% van de bevolking behoort tot deze etnische groepHongaren
23%

Scoreverdeling

Percentiel versus Aantal Correcte Antwoorden

Procent van Mensen met Elke Score

Uw Scoregeschiedenis

U heeft deze quiz nog niet genomen